000 00416nam a22001577a 4500
003 OSt
008 241221b2015 |||||||| |||| 00| 0 eng d
020 _a9788175971899
082 _a170
_bCHI-K
100 _aChinmayananda, Swami
245 _aKindle Life /
_cSwami Chinmayananda.
260 _aMumbai :
_bCentral Chinmaya Mission Trust,
_c2022.
300 _a282 p. ;
650 _aConduct of life
942 _2ddc
_cBK
999 _c20686
_d20686